| 000 | 00643nam a2200193 a 4500 | ||
|---|---|---|---|
| 005 | 20140412111224.0 | ||
| 008 | 000831s19uu xx 00 eng d | ||
| 020 | _a1-57471-184-9 | ||
| 050 |
_aBB E _bW675Lo 1996 |
||
| 100 | _aWilliams, Rozanne Lanczak | ||
| 245 |
_aLong ago and today / _cwritten by Rozzane Lanczak Williams ; illustrated by Meryl Treatner. |
||
| 260 |
_aCypress, CA : _bCreative Teaching Press Inc, _c1996. |
||
| 300 | _a16 p. ; ill. | ||
| 440 | _aLearn to Read - Read to Learn | ||
| 500 | _aIllustrated picture book | ||
| 520 | _aComparison of the past and the present | ||
| 650 | _aSocial studies | ||
| 999 |
_c101996 _d101996 |
||